Gaming Quiz

Random Gaming or Video Games Quiz

Video Games of 1981 Quiz Stats

 Plays Quiz not verified by Sporcle

Challenge
Share
Tweet
Score 0/18 Timer 05:00
0 Plays Today
% Correct
Donkey Kong
99.6%
Frogger
93.9%
Ice Hockey
83.3%
Galaga
75.4%
Centipede
70.5%
Defender
42.8%
Tempest
36.7%
Ultima I: The First Age of Darkness
34.8%
Castle Wolfenstein
27.7%
% Correct
Kaboom!
22.7%
New Rally-X
18.2%
Wizardry: Proving Grounds of the Mad Overlord
15.5%
Scramble
10.6%
Gorf
9.8%
K.C. Munchkin!
9.1%
Utopia
9.1%
Snafu
8.3%
Turbo
8%

You're not logged in!

Compare scores with friends on all Sporcle quizzes.
OR
Log In

You Might Also Like...

Show Comments

Extras

Top Quizzes Today


Score Distribution

Your Account Isn't Verified!

In order to create a playlist on Sporcle, you need to verify the email address you used during registration. Go to your Sporcle Settings to finish the process.

Report this User

Report this user for behavior that violates our Community Guidelines.

Details: